| 000 | 00354nam a2200133Ia 4500 | ||
|---|---|---|---|
| 008 | 240624s9999 xx 000 0 und d | ||
| 041 | _aeng | ||
| 082 | _a370 ALV | ||
| 100 | _aALVESSON MATS | ||
| 245 | _aTRIUMPH OF EMPTINESS CONSUMPTION HIGHER | ||
| 260 |
_c2013 _aNew Delhi _bOxford University Press |
||
| 300 | _a243 : p. : cm. ; 23 | ||
| 365 |
_cRS _b31 |
||
| 999 |
_c23430 _d23430 |
||